| 000 | 00743cab a2200301 4500 | ||
|---|---|---|---|
| 001 | ABS47819 | ||
| 008 | 090401t1993 xxu||||| |||| 00| 0 eng d | ||
| 035 | _a(Sirsi) u63508 | ||
| 041 | _aeng | ||
| 245 | _aMidtown | ||
| 260 | _c1993 | ||
| 350 | _a0 | ||
| 490 |
_aEstates Gazette _v(9302) 16 January 1993, 45-71 (16) |
||
| 650 | _aBLOOMSBURY | ||
| 650 | _aCOVENT GARDEN | ||
| 650 | _aGOVERNMENT DEPARTMENTS | ||
| 650 | _aLAW FIRMS | ||
| 650 | _aLONDON | ||
| 650 | _aLUDGATE PLACE | ||
| 650 | _aMERCERS COMPANY | ||
| 650 | _aMIDTOWN | ||
| 650 | _aOFFICE OCCUPIERS | ||
| 650 | _aRENTS | ||
| 650 | _aVACANCY RATE | ||
| 690 | _aPROPERTY-COMMERCIAL PROPERTY-COMMERCIAL PROPERTY MARKET | ||
| 942 | _n0 | ||
| 948 | _c04/03/1997 | ||
| 999 |
_c39471 _d39471 |
||